000 00314nam a2200121Ia 4500
008 220803s9999 xx 000 0 und d
041 _aeng
082 _a741.2 DOS
100 _aDoshi B
_930206
245 _aAcrobat The Yogi And The Sangathi
260 _b"Vastu Shilpa Foundation, Ahmedabad"
_c2006
300 _a26p
999 _c19029
_d19029